000 00779nam a2200301 a 4500
001 UByD002331
003 AR-LpoUNG
005 20240209151059.0
008 240209s2022||||ag |||||||||||||||||spa d
020 _a9789504644477
040 _aAR-LpoUNG
_bspa
_cAR-LpoUNG
_eaacr
041 _aspa
044 _aag
082 0 _a808.068 3 574cui
100 1 _aCinetto, Liliana
245 1 1 _a¡Cuidado con el perro!
250 _a1ra. ed., 2da. reimpr.
260 _aBuenos Aires :
_bLoqueleo,
_c2022.
300 _a115 p. :
_bil.
505 0 _aSugerido a partir de 10 años (etiqueta VIOLETA)
650 4 _aARGENTINA
650 4 _aCUENTOS
650 4 _aLITERATURA
653 _aLITERATURA INFANTIL
700 1 _aO'kif,
_eil.
905 _a53661
942 _cLIB
_2ddc
999 _c64846
_d64846